| 000 | 00565nam a2200205Ii 4500 | ||
|---|---|---|---|
| 999 |
_c7662 _d7662 |
||
| 001 | 2689993 | ||
| 003 | OSt | ||
| 005 | 20190214204034.0 | ||
| 008 | 770120s1975 oru 000 0 eng d | ||
| 040 |
_aBSC _cBSC |
||
| 082 |
_a239 _bAL365b |
||
| 092 |
_a239 _bA365b |
||
| 100 | 1 | _aAldrich, Willard M. | |
| 245 | 1 | 4 |
_aThe battle for your faith / _cby Willard M. Aldrich. |
| 260 |
_aPortland, Or. : _bMultnomah Press, _c1975. |
||
| 300 |
_a158 p. ; _c23 cm. |
||
| 650 | 0 |
_aApologetics _xHistory _y20th century. |
|
| 650 | 0 |
_aChristianity _y20th century. |
|
| 942 |
_2ddc _cBK |
||